KOHA-Header-6

Core Visual Basic 5 (Record no. 9249)

000 -LEADER
fixed length control field 00259nam a2200109Ia 4500
100 ## - MAIN ENTRY--AUTHOR NAME
Personal name Gary Cornell Jezak
245 #0 - TITLE STATEMENT
Title Core Visual Basic 5
260 ## - PUBLICATION, DISTRIBUTION, ETC. (IMPRINT)
Place of publication USA
Name of publisher Prentice Hall
Year of publication 2003
300 ## - PHYSICAL DESCRIPTION
Number of Pages 706
942 ## - ADDED ENTRY ELEMENTS (KOHA)
Koha item type Books
Holdings
Withdrawn status Lost status Collection code Permanent Location Current Location Shelving location Date acquired Full call number Accession Number Koha item type
    Computer Science MAJU MAJU Shelf No.A33 2019-09-14 005..13 4782 Computer Science

Powered by Koha